[Event "7th Sinquefield Cup GCT 2019"]
[White "Aronian, Levon"]
[Black "Ding, Liren"]
[Site "Saint Louis"]
[Round "10.1"]
[Annotator "TA"]
[Result "1/2-1/2"]
[Date "2019.08.27"]
[WhiteElo "2765"]
[BlackElo "2805"]
[PlyCount "85"]

1. e4 {} e5 2. Nf3 Nc6 3. Bc4 Nf6 4. Ng5 d5 5. exd5 Na5 6. Bb5+ c6 7. dxc6 bxc6 8. Bd3 Nd5 {C58: Two Knights: 4
Ng5 d5 5 exd5 Na5 sidelines} 9. Nf3 Bd6 10. 0-0 Nf4 11. Nc3 {} Nxd3 12. cxd3 0-0 13. b3 $146 ({Predecessor:} 13. Ne4 c5 14. b3 Nc6 {1/2-1/2 (81) Zhigalko,S (2656)-Inarkiev,E (2660) Berlin 2015} )c5 14. Ba3 Nc6 15. Ne4 Nb4 16. Bxb4 cxb4 17. Re1 Bb8 18. Ng3 Qxd3 19. Nxe5 Bxe5 20. Rxe5 Be6 21. Re3 Qd4 22. Ne2 Qd6 23. d4 a5 24. h4 Rfd8 25. Qd2 a4 {[#] Hoping for ...axb3.} 26. Rd1 axb3 27. axb3 Ra5 28. Rg3 Rf5 29. Ra1 Bd5 30. Qe3 h6 {The position is equal.} 31. Rg4 Rf6 32. Ng3 Qe6 33. Qxe6 Bxe6 34. Re4 Bxb3 {[#] Threatens to win with ...Rb6.} 35. d5 $1 {} Rb6 {aiming
for ...Bc2.} (35... Bxd5 {feels hotter.} 36. Rxb4 Bc6 37. f3 Rd2 38. h5 Kh7 )36. Rb1 Bxd5 (36... f5 {is interesting.} 37. Rf4 Bc2 38. Rbxb4 Rxb4 39. Rxb4 Rxd5 40. f3 Rd1+ )37. Rexb4 Rxb4 38. Rxb4 $11 {KRB-KRN} Be6 39. f3 Ra8 40. Kh1 Rd8 41. Kg1 Ra8 42. Kh1 Rd8 43. Kg1 {Accuracy: White = 76%, Black = 74%.} 1/2-1/2

[Event "7th Sinquefield Cup GCT 2019"]
[White "Nepomniachtchi, Ian"]
[Black "Vachier-Lagrave, Maxime"]
[Site "Saint Louis"]
[Round "10.2"]
[Annotator "TA"]
[Result "0-1"]
[Date "2019.08.27"]
[WhiteElo "2774"]
[BlackElo "2778"]
[PlyCount "92"]

1. Nf3 {} c5 2. c4 Nf6 3. Nc3 d5 4. cxd5 Nxd5 5. e4 Nb4 6. Bb5+ N8c6 7. d4 cxd4 8. a3 dxc3 9. Qxd8+ Kxd8 10. axb4 cxb2 11. Bxb2 f6 {
A34: Symmetrical English: 2 Nc3, lines with ...d5} 12. e5 { White
has compensation.} Bd7 13. Bc4 {[#] e6 is the strong threat.} e6 $146 {White
is slightly better.} ({Predecessor:} 13... Nxb4 14. 0-0 Rc8 15. Bf7 Nd3 16. Bd4 fxe5 17. Bxe5 Rc5 18. Bd4 e5 19. Be3 {1/2-1/2 (31) Savchenko,S (2461)-Tomczak,
J (2633) Germany 2018} )14. 0-0 (14. exf6 $16 {Black must now prevent b5.} Bxb4+ 15. Ke2 gxf6 16. Bxf6+ { Double Attack} Kc7 17. Bxh8 Rxh8 18. Rhc1 )Be7 $11 15. b5 Nxe5 16. Bxe5 fxe5 17. Rfd1 Ke8 18. Nxe5 Bc8 $1 19. b6 {[#] aiming for Bb5+.} Bc5 $1 20. Bb5+ Ke7 21. Nd7 $2 (21. Nc6+ $11 bxc6 22. Bxc6 )Bd6 $19 {Threatens to win with ...a6.} 22. Rac1 {[#]} Rd8 $1 ({
Much less strong is} 22... Bxd7 23. Bxd7 axb6 24. Bb5 $17 )23. Nc5 Bxc5 24. Rxd8 Kxd8 25. Rxc5 axb6 { Endgame KRB-KRB} 26. Rc1 Ra5 27. Rb1 Bd7 28. Bd3 h6 29. Rxb6 Ra1+ 30. Bf1 Kc7 31. Rb2 b5 32. f3 Kb6 33. Kf2 Bc6 34. Bc4 e5 35. Bd3 Ra3 36. Bb1 Rc3 (36... Bd5 $19 37. Re2 Ra1 38. Rxe5 Bxf3 39. Re6+ Ka5 )37. Ke2 (37. Bh7 $17 )Rc4 38. Kd2 b4 39. Ba2 Rd4+ 40. Kc1 (40. Ke3 {
is a better defense.} )e4 41. fxe4 Rxe4 ({Resist} 41... Bxe4 42. Rf2 )42. g3 Bb5 43. Kd1 Kc5 44. Rf2 Bc4 45. Bb1 Re7 46. Kd2 (46. g4 {was called for.} )Rf7 {Accuracy: White = 53%, Black = 84%.} 0-1

[Event "7th Sinquefield Cup GCT 2019"]
[White "Karjakin, Sergey"]
[Black "Anand, Viswanathan"]
[Site "Saint Louis"]
[Round "10.3"]
[Annotator "TA"]
[Result "1/2-1/2"]
[Date "2019.08.27"]
[WhiteElo "2750"]
[BlackElo "2756"]
[PlyCount "70"]

1. d4 {} Nf6 2. c4 e6 3. Nf3 d5 4. Nc3 Be7 5. Bf4 0-0 6. e3 b6 7. Be2 Ba6 {D37: Queen's Gambit Declined: 5 Bf4} (7... dxc4 8. Bxc4 Ba6 9. Qe2 Bxc4 10. Qxc4 c5 11. 0-0 cxd4 12. Nxd4 Qc8 13. Qxc8 Rxc8 14. Rac1 Nbd7 15. Ncb5 {
0-1 (44) Mamedyarov,S (2817)-Nakamura,H (2746) Kolkata 2018} )8. cxd5 Nxd5 9. Nxd5 $146 ({Predecessor:} 9. 0-0 c5 10. Bxa6 Nxa6 11. Qe2 Qc8 12. Nxd5 exd5 13. Rac1 Qb7 14. dxc5 bxc5 15. Rfd1 {1-0 (66) Keymer,V (2466)-Matthiesen,M (2273)
Helsingor 2018} )Qxd5 10. Bxc7 Qa5+ 11. Kf1 $1 Bxe2+ 12. Qxe2 Nd7 13. h3 Rac8 14. Bg3 Rc6 15. Kg1 Rfc8 16. Kh2 Rc2 17. Qd3 g5 18. Rhb1 h5 19. Kg1 g4 20. hxg4 hxg4 21. Ne1 Rd2 $1 {} 22. Qe4 Nf6 $1 {} 23. Qb7 Re8 24. Rc1 Qf5 25. Rc7 ({Don't blunder} 25. Qxa7 $2 {[#]} Bd6 $1 $19 {} )Bd6 {Hoping for ...Bxg3.} 26. Rxf7 {Threatens to win with e4.The
position is equal.} Bxg3 27. Rg7+ {[#]} Kh8 $1 28. fxg3 Rf2 {( -> ...Rf1+)} 29. Nd3 Qxd3 30. Kxf2 {White wants to mate with Rh1+.} Ne4+ 31. Kg1 Qxe3+ 32. Kh1 Qh6+ 33. Kg1 Qe3+ 34. Kh1 {Intending Rh7+ and mate.} Qh6+ 35. Kg1 Qe3+ {
Accuracy: White = 87%, Black = 75%.} 1/2-1/2

[Event "7th Sinquefield Cup GCT 2019"]
[White "Carlsen, Magnus"]
[Black "So, Wesley"]
[Site "Saint Louis"]
[Round "10.4"]
[Annotator "TA"]
[Result "1-0"]
[Date "2019.08.27"]
[WhiteElo "2882"]
[BlackElo "2776"]
[PlyCount "85"]

1. e4 {} e5 2. Nf3 Nc6 3. Bc4 Bc5 4. 0-0 $146 ({Predecessor:} 4. c3 Nf6 5. d3 d6 6. 0-0 a6 7. a4 h6 8. Re1 0-0 {1-0 (49) Vachier Lagrave,M (2779)
-Karjakin,S (2773) Saint Louis 2018} )Nf6 5. d3 0-0 6. c3 d6 7. h3 h6 8. Re1 a6 {C54: Giuoco Piano: 4 c3 Nf6, main lines with 5 d4 and 5 d3} 9. a4 a5 10. Nbd2 Be6 {The position is equal.} 11. Bb5 Na7 12. d4 Nxb5 13. dxc5 Na7 14. b3 Re8 15. cxd6 Qxd6 16. Ba3 c5 17. Nc4 Qxd1 18. Raxd1 Bxc4 19. bxc4 b6 20. Nh4 Rad8 21. f3 $1 g6 22. g3 Nh5 23. Kf2 Nc6 24. Bc1 Kg7 25. Be3 Rxd1 26. Rxd1 Rd8 27. Rb1 $1 {} Rb8 28. Ng2 Nf6 29. Ke2 Ne8 30. Bf2 Nd6 31. Ne3 Ne7 (31... Rb7 $16 )32. Nd5 $18 Nxd5 33. cxd5 { Endgame Threatens to win
with Bxc5! KRB-KRN} Rb7 34. Kd3 f5 $2 {[#]} (34... c4+ $16 {was worth a try.} 35. Kd2 Nc8 )35. c4 $1 fxe4+ 36. fxe4 Rf7 37. Rxb6 Rxf2 38. Rxd6 {KR-KR} Rf3+ 39. Ke2 (39. Kd2 $142 )Rc3 {[#]} 40. Re6 $1 Rxc4 41. Rxe5 Rxa4 42. Re7+ (42. Kf3 $18 )Kf6 $2 {} (42... Kf8 $16 43. Re6 Kf7 )43. d6 {
Accuracy: White = 71%, Black = 48%.} 1-0

[Event "7th Sinquefield Cup GCT 2019"]
[White "Mamedyarov, Shakhriyar"]
[Black "Caruana, Fabiano"]
[Site "Saint Louis"]
[Round "10.5"]
[Annotator "TA"]
[Result "1/2-1/2"]
[Date "2019.08.27"]
[WhiteElo "2764"]
[BlackElo "2818"]
[PlyCount "74"]

1. d4 {} Nf6 2. c4 e6 3. Nc3 Bb4 4. Qc2 0-0 5. e4 d5 6. e5 Ne4 7. Bd3 c5 8. Nf3 {E32: Nimzo-Indian: Classical (4 Qc2): 4...0-0} cxd4 9. Nxd4 Nd7 10. Bf4 Qh4 11. g3 Qh5 12. 0-0 g5 13. cxd5 Bxc3 14. bxc3 gxf4 (14... exd5 $11 15. Bxe4 dxe4 )15. dxe6 Nxe5 16. Bxe4 {[#]} Ng4 $146 {} ({
Predecessor:} 16... Bxe6 )17. exf7+ Rxf7 {} 18. h4 fxg3 19. fxg3 {And now Qb3 would win.} Ne3 20. Qb3 $132 { Hoping for Rf3.
White is not keeping still} Nxf1 21. Rxf1 Kg7 22. Rxf7+ Qxf7 23. Qb4 Bh3 {[#]} (23... Kh8 $15 )24. Bf5 $1 $11 { The position is equal.} a5 (24... Bxf5 25. Nxf5+ )25. Qb5 Bxf5 26. Nxf5+ { Endgame KQR-KQN} Kf6 {
aiming for ...Qg6.} 27. Nh6 Qg6 28. Qb6+ Kg7 {[#]} 29. Nf5+ $1 {} Qxf5 30. Qxb7+ { Double Attack} Qf7 31. Qxa8 Qxa2 {KQ-KQ} 32. c4 Qb1+ 33. Kg2 Qc2+ 34. Kh3 Qf5+ 35. Kg2 Qc2+ { Double Attack} 36. Kh3 Qf5+ 37. Kg2 Qc2+ { Double Attack. Accuracy: White = 75%, Black = 88%.} 1/2-1/2

[Event "7th Sinquefield Cup GCT 2019"]
[White "Nakamura, Hikaru"]
[Black "Giri, Anish"]
[Site "Saint Louis"]
[Round "10.6"]
[Annotator "TA"]
[Result "1/2-1/2"]
[Date "2019.08.27"]
[WhiteElo "2743"]
[BlackElo "2779"]
[PlyCount "45"]

1. d4 {} Nf6 2. c4 e6 3. Nf3 d5 4. Nc3 Bb4 5. Bd2 0-0 6. e3 b6 7. cxd5 exd5 8. Bd3 Bb7 9. 0-0 Bd6 10. Rc1 {E52: Nimzo-Indian: Rubinstein: 4...0-0 5
Nf3 d5 6 Bd3 b6} c5 (10... a6 11. Ne5 c5 12. f4 Nc6 13. Ne2 Ne7 14. Be1 Ne4 15. Ng3 cxd4 16. exd4 b5 17. Kh1 f6 18. Ng4 Qd7 {0-1 (38) Duda,J (2717)-Zhigalko,S
(2641) Katowice 2017} )11. Ne5 Nc6 12. Ng4 Nxg4 13. Qxg4 c4 14. Bb1 $146 ({
Predecessor:} 14. Bc2 g6 15. Qf3 Rb8 16. Bd1 a6 17. Nxd5 Nxd4 {1/2-1/2 (53)
Zlatariu,M (2401)-Jensen,E (2502) ICCF email 2013} )Ne7 15. Nb5 (15. Qh3 $14 f5 16. f3 )f5 $11 16. Qe2 (16. Qh3 {keeps more tension.} Bb8 17. f3 a6 18. Nc3 b5 19. Ne2 )a6 (16... Bb8 {is interesting.} 17. Bb4 Bc6 18. Qf3 a6 19. Nc3 b5 )17. Nxd6 Qxd6 18. f3 b5 19. Be1 Ng6 20. Ba5 Ne7 21. Be1 Ng6 22. Ba5 Ne7 23. Be1 {Accuracy: White = 52%, Black = 58%.} 1/2-1/2

[Event "7th Sinquefield Cup GCT 2019"]
[White "Ding, Liren"]
[Black "Mamedyarov, Shakhriyar"]
[Site "Saint Louis"]
[Round "11.1"]
[Annotator "TA"]
[Result "1/2-1/2"]
[Date "2019.08.28"]
[WhiteElo "2805"]
[BlackElo "2764"]
[PlyCount "104"]

1. d4 {
} Nf6 2. c4 g6 3. g3 Bg7 4. Bg2 0-0 5. Nc3 c5 6. Nf3 d5 7. dxc5 Qa5 8. 0-0 {D74: Fianchetto Grünfeld: Main Line (5 Nf3 0-0 6 cxd5 Nxd5 7 0-0)} dxc4 9. Qd4 Nc6 10. Qxc4 {White has an edge.} Be6 11. Qh4 Qxc5 12. Be3 (12. Ng5 Qc4 13. Nxe6 Qxh4 14. gxh4 fxe6 15. Bg5 h6 16. Bf4 Rad8 {1-0 (38) Sjugirov,S (2663)-Li,
C (2724) Qinhuangdao 2018} )Qa5 13. Nd4 $146 ({Predecessor:} 13. a3 )Nxd4 14. Qxd4 Nd5 15. Qc5 Qxc5 16. Bxc5 Rfc8 17. Bxd5 Rxc5 18. Bxe6 fxe6 19. Rfd1 Rac8 20. Rd7 R8c7 21. Rad1 Bxc3 22. Rxc7 Rxc7 23. bxc3 $11 { Endgame KR-KR} Kf7 24. Rb1 e5 25. Kf1 b6 26. Rb3 Rc5 27. a4 Ra5 28. Rb4 Rc5 29. Rb3 Rc4 30. Ra3 Ke6 31. Ke1 $1 Kd5 {The position is equal.} 32. Kd2 e4 33. Ra1 g5 34. Kc2 Ke5 35. a5 b5 {} 36. a6 b4 37. Ra5+ Kf6 38. Rb5 Rxc3+ 39. Kd2 Ra3 40. Rxb4 e3+ 41. fxe3 Rxa6 42. h4 h6 43. hxg5+ Kxg5 44. Re4 Kf6 45. Rh4 Kf5 46. Rf4+ Ke5 47. g4 e6 48. Rf7 Ra2+ 49. Kd3 Ra3+ 50. Kd2 Ra2+ 51. Kd3 Ra3+ 52. Kd2 Ra2+ {Accuracy: White = 75%, Black =
69%.} 1/2-1/2

[Event "7th Sinquefield Cup GCT 2019"]
[White "Vachier-Lagrave, Maxime"]
[Black "Carlsen, Magnus"]
[Site "Saint Louis"]
[Round "11.2"]
[Annotator "TA"]
[Result "0-1"]
[Date "2019.08.28"]
[WhiteElo "2778"]
[BlackElo "2882"]
[PlyCount "58"]

1. e4 {} c5 2. Nf3 Nc6 3. Bb5 g6 4. Bxc6 bxc6 5. d4 cxd4 6. Qxd4 {B31: Sicilian: 2...Nc6 3 Bb5 g6} f6 7. 0-0 d6 8. c4 {The position is equal.} c5 9. Qd3 Bg7 10. b3 $146 ({Predecessor:} 10. Nc3 Nh6 11. Nh4 Rb8 12. b3 0-0 13. Re1 {1/2-1/2 (64) Kovalev,V (2687)
-Praggnanandhaa,R (2539) Wijk aan Zee 2019} )Nh6 11. Nc3 Rb8 12. Bd2 0-0 13. Rae1 Nf7 14. h4 Rb7 15. h5 g5 16. Nh2 Ne5 17. Qg3 Kh8 18. f4 gxf4 19. Bxf4 {[#] And now h6 would win.} Rg8 $36 { Black has good play.} 20. Re3 Nc6 21. Qf2 $1 f5 ({Better is} 21... Qf8 $15 22. Ne2 Nb4 )22. Nf3 $2 {} (22. exf5 $11 Bxf5 23. Rg3 )Bxc3 $1 $19 23. Rxc3 e5 ({Not} 23... fxe4 24. Nd2 $15 )24. Rd3 {aiming for Nxe5!} exf4 25. Qb2+ Rbg7 26. h6 {
Rfd1 is the strong threat.} fxe4 27. Rd2 exf3 28. hxg7+ Rxg7 29. Rxf3 Qh4 {
Played: Qd8-g5} 0-1

[Event "7th Sinquefield Cup GCT 2019"]
[White "Caruana, Fabiano"]
[Black "Karjakin, Sergey"]
[Site "Saint Louis"]
[Round "11.3"]
[Annotator "TA"]
[Result "1/2-1/2"]
[Date "2019.08.28"]
[WhiteElo "2818"]
[BlackElo "2750"]
[PlyCount "103"]

1. c4 {} Nf6 2. Nc3 e5 3. Nf3 Nc6 4. g3 Bb4 5. Nd5 Bc5 6. Bg2 d6 7. 0-0 0-0 8. e3 Re8 {A29: English Opening: Four Knights Variation with 4 g3} (8... Bb6 9. Nxb6 axb6 10. b3 Bf5 11. d3 Qd7 12. Nh4 Bh3 13. e4 Bxg2 14. Kxg2 Nd4 15. Be3 b5 16. Bxd4 exd4 17. cxb5 Qxb5 {1-0 (35) Carlsen,M (2835)-Duda,J (2738) St
Petersburg 2018} )9. b3 Bg4 $146 {[#] Strongly threatening ...e4.} ({
Predecessor:} 9... Nxd5 10. cxd5 Ne7 11. d4 exd4 12. Nxd4 a5 13. Bb2 Bd7 14. a3 Qc8 15. Qd3 Bh3 {1-0 (48) Meskovs,N (2495)-Antoms,G (2349) Liepaja 2017} )10. h3 Bh5 {Threatens to win with ...e4.} 11. d3 a5 12. a3 Nxd5 13. cxd5 Ne7 14. g4 Bg6 15. d4 Bb6 16. dxe5 Be4 17. e6 fxe6 18. dxe6 Ng6 19. h4 Qf6 { [#]
Double Attack} 20. Ra2 Rf8 {} 21. e7 ({White should play} 21. h5 $15 )Rf7 $17 {} 22. h5 Bxf3 (22... Nxe7 {is interesting.} 23. Ne1 Qe6 24. Bxe4 Qxe4 25. Rc2 Raf8 )23. Bxf3 Qxf3 24. hxg6 hxg6 25. Qxf3 Rxf3 26. Kg2 Rf7 27. e4 Rxe7 28. Re2 Kf7 29. Bb2 Rh8 30. f4 Ree8 31. f5 gxf5 32. Rxf5+ Kg6 33. Bc1 Rh4 34. Rg5+ Kh7 (34... Kf6 {keeps more tension.} 35. Bf4 g6 36. Rb5 Rxg4+ 37. Kf3 Rg1 )35. Bd2 c5 36. Be1 Rh6 37. Bg3 Rhe6 38. Kf3 Bd8 39. Rd5 Be7 40. a4 Kg6 41. e5 Rf8+ 42. Kg2 {The position is equal.} Rc8 43. Kf3 {
} dxe5 44. Rexe5 Rxe5 45. Bxe5 $11 { Endgame KRB-KRB} Bf6 46. Bf4 c4 47. bxc4 Rxc4 48. Rxa5 Rc3+ 49. Ke4 Rc4+ 50. Kf3 Rc3+ 51. Ke4 Rc4+ 52. Kf3 {Accuracy: White = 70%, Black = 49%.} 1/2-1/2

[Event "7th Sinquefield Cup GCT 2019"]
[White "Anand, Viswanathan"]
[Black "Nakamura, Hikaru"]
[Site "Saint Louis"]
[Round "11.4"]
[Annotator "TA"]
[Result "1/2-1/2"]
[Date "2019.08.28"]
[WhiteElo "2756"]
[BlackElo "2743"]
[PlyCount "52"]

1. e4 {} e5 2. Nf3 Nc6 3. Bb5 Nf6 4. 0-0 Nxe4 5. d4 Nd6 6. Bxc6 dxc6 7. dxe5 Nf5 8. Qxd8+ Kxd8 9. h3 Ke8 10. Nc3 h5 {C67: Ruy Lopez: Berlin
Defence: 4 0-0 Nxe4} 11. Bg5 (11. Ne2 b6 12. Bg5 c5 13. Nc3 Bb7 14. Rfd1 Bxf3 15. gxf3 c6 16. Rd3 Be7 17. Ne4 Rd8 18. Rad1 Rxd3 19. Rxd3 Bxg5 20. Nxg5 {
1/2-1/2 (33) Vachier Lagrave,M (2781)-Nakamura,H (2746) London 2018} )Be6 12. Rfd1 Be7 13. Rd2 Rd8 {[#] ...Bxg5 is the strong threat.} 14. Rxd8+ Kxd8 15. Rd1+ Ke8 16. b3 h4 17. Ne2 (17. Kf1 Rh5 18. Bc1 {1/2-1/2 (32) Anand,V (2773)
-Nakamura,H (2746) Kolkata 2018} )Bd5 {[#]} 18. Bf4 $146 ({Predecessor:} 18. Bxe7 Kxe7 {1/2-1/2 (55) Zhigalko,S (2661)-Swiercz,D (2633) Denizli 2013} )Bxf3 19. gxf3 g6 20. Bc1 Ng7 21. Kg2 Ne6 22. Nd4 Kd7 {The position is
equal.} 23. Nf5+ Ke8 24. Nd4 Kd7 25. Nf5+ Ke8 26. Nd4 Kd7 {Accuracy: White =
45%, Black = 38%.} 1/2-1/2

[Event "7th Sinquefield Cup GCT 2019"]
[White "Giri, Anish"]
[Black "Nepomniachtchi, Ian"]
[Site "Saint Louis"]
[Round "11.5"]
[Annotator "TA"]
[Result "1-0"]
[Date "2019.08.28"]
[WhiteElo "2779"]
[BlackElo "2774"]
[PlyCount "153"]

1. d4 {} Nf6 2. c4 g6 3. Nc3 d5 4. Bf4 Bg7 5. e3 0-0 6. Rc1 Be6 {D83: Grünfeld: 4 Bf4 Bg7 5 e3 0-0} 7. c5 (7. cxd5 Nxd5 8. Nxd5 Bxd5 9. Bxc7 Qd7 10. Nf3 Nc6 11. Bg3 Rac8 12. Bb5 a6 13. Bxc6 Rxc6 14. b3 Rxc1 15. Qxc1 {1/2-1/2 (28) So,W (2780)-Wei,Y (2729) chess.com INT 2018} )c6 8. Bd3 b6 {The position is equal.} 9. Na4 $146 ({Predecessor:} 9. b4 a5 10. a3 axb4 11. axb4 Na6 12. Bxa6 Rxa6 13. Nf3 bxc5 14. bxc5 {1-0 (44) Zhao,X 
(2567)-Bok,B (2560) Wijk aan Zee 2014} )Nfd7 (9... Bg4 $5 {} 10. f3 Bc8 $11 )10. h3 bxc5 11. Nxc5 Nxc5 12. Rxc5 Qb6 13. Qc2 Rc8 14. Nf3 Nd7 15. Rc3 c5 16. 0-0 c4 17. b3 {} Nc5 { Pin} 18. bxc4 Nxd3 19. c5 {[#]} Nxc5 $1 {} 20. dxc5 (20. Rxc5 Bf5 )Qa5 21. Nd4 Bd7 22. c6 {Rc5 is the strong threat.} Be8 23. Rc5 Qa6 {And now ...e5 would win.} 24. Rxd5 {Strongly threatening c7.} Bxc6 25. Nxc6 Rxc6 26. Qd2 $36 {
White fights for an advantage.} Bc3 27. Rd8+ Rxd8 28. Qxd8+ { Double
Attack} Kg7 29. Qxe7 Bf6 30. Be5 Qxa2 31. Ra1 Qe6 32. Bxf6+ Qxf6 33. Qxa7 $16 {
 Endgame KQR-KQR} Rc2 34. Rf1 $1 h5 35. Qb7 Rb2 36. Qd5 Re2 37. Qf3 (37. g3 {seems wilder.} Rb2 38. Qc4 Kh7 39. Kg2 Qf5 40. Qd4 )Qxf3 38. gxf3 $14 {KR-KR} Ra2 39. Rd1 Ra5 40. Kg2 Rg5+ 41. Kh2 Rf5 {[#]} 42. f4 $1 Ra5 43. Kg3 Ra2 44. Rd5 f5 45. Kf3 Kf6 46. Rd6+ Kg7 47. Rd1 Kf6 48. Re1 Rb2 49. Re2 Rb1 50. Kg3 Rg1+ {[#]} 51. Kh2 $1 {} Ra1 52. Rb2 Rc1 53. Ra2 Rb1 54. Kg2 Re1 55. Rb2 Kg7 56. Kf3 Kf6 57. Re2 (57. Rb5 $16 )Rg1 (57... Rb1 $1 $11 )58. Rd2 Re1 59. Kg2 Kg7 60. Ra2 Kf6 $1 61. Ra3 Kf7 62. f3 (62. Rb3 $16 )Re2+ 63. Kg3 Kf6 64. Kh4 Re1 65. Ra6+ Kf7 66. Kg5 {Black should prevent
Rf6+.} Rg1+ $1 67. Kh6 {Threatening h4.} Rg3 68. Ra7+ Kf6 $1 69. e4 {aiming
for e5+.} Rxf3 70. e5+ Ke6 71. Ra6+ Ke7 72. Ra4 Rg3 $2 {} (72... Kf7 $11 )73. Ra7+ $18 {White is clearly winning.} Ke6 74. Ra6+ Kf7 75. Rf6+ Ke7 76. Rxg6 Rxh3 77. Kg5 {Accuracy: White = 73%, Black = 59%.} 1-0

[Event "7th Sinquefield Cup GCT 2019"]
[White "So, Wesley"]
[Black "Aronian, Levon"]
[Site "Saint Louis"]
[Round "11.6"]
[Annotator "TA"]
[Result "1/2-1/2"]
[Date "2019.08.28"]
[WhiteElo "2776"]
[BlackElo "2765"]
[PlyCount "70"]

1. d4 {
} Nf6 2. c4 e6 3. Nf3 d5 4. g3 Be7 5. Bg2 0-0 6. 0-0 dxc4 7. Ne5 Nc6 8. Bxc6 bxc6 9. Nxc6 Qe8 10. Nxe7+ Qxe7 11. Qa4 e5 12. dxe5 {E05: Open Catalan: 5
Nf3 Be7} Qxe5 13. Nc3 Ne4 14. Qxc4 Nxc3 15. bxc3 Be6 16. Bf4 Bxc4 17. Bxe5 {[#]
} Rfe8 $146 ({Predecessor:} 17... c6 18. Rfe1 Rfe8 19. Bd4 Bxe2 {1/2-1/2 (28)
Meier,G (2628)-Giri,A (2782) Dortmund 2018} )18. Bxc7 Rxe2 19. a4 Rc8 20. Bf4 Rc2 21. Rfc1 Rxc1+ 22. Rxc1 $11 { Endgame KRB-KRB} a5 23. Rb1 f6 24. Rb8 Rxb8 25. Bxb8 $14 {KB-KB} Bb3 26. Bc7 Bxa4 27. Bxa5 Kf7 28. f3 Ke6 29. Kf2 Kd5 30. Bb6 g6 31. Bd4 f5 32. Bh8 Bb5 33. Bd4 Ba4 34. Bg7 Bb5 35. Bd4 Ba4 {
Accuracy: White = 62%, Black = 75%.} 1/2-1/2

[Event "7th Sinquefield Cup GCT 2019"]
[White "Carlsen, Magnus"]
[Black "Ding, Liren"]
[Site "Saint Louis"]
[Round "12.1"]
[Annotator "TA"]
[Result "1/2-1/2"]
[Date "2019.08.29"]
[WhiteElo "2882"]
[BlackElo "2805"]
[PlyCount "68"]

1. d4 {} Nf6 2. c4 e6 3. Nf3 d5 4. Nc3 c6 5. g3 dxc4 6. Ne5 {E01: Catalan: Early
deviations} Nbd7 7. Nxc4 b5 8. Ne5 {The position is equal.} Nxe5 9. dxe5 Qxd1+ 10. Kxd1 Nd5 11. Ne4 Bb7 $146 { Black is pushing.} ({Predecessor:} 11... f5 12. Nd2 Bb7 13. e4 Nb6 {1/2-1/2 (57) Rakhmanov,A (2629)-Timofeev,A 
(2602) Sochi 2019} )12. Bg2 c5 13. Bd2 Be7 14. Rc1 c4 15. Kc2 0-0-0 16. Rhd1 f5 17. Nd6+ Bxd6 18. exd6 Rxd6 19. Bxd5 exd5 20. Bc3 Re8 21. e3 g5 22. Rd4 Re4 23. Rh1 Rh6 24. h4 Kd7 25. a3 g4 26. Rxe4 fxe4 $11 { Endgame KRB-KRB} 27. b4 (27. h5 $11 {remains equal.} )Ra6 28. Kb2 h5 29. Rd1 Ke6 30. Rd2 Bc6 31. Bd4 Be8 32. Bc3 Bc6 33. Bd4 $1 Be8 34. Bc3 $1 Bc6 {Accuracy: White =
66%, Black = 63%.} ({Black should play} 34... Kd6 $17 )1/2-1/2

[Event "7th Sinquefield Cup GCT 2019"]
[White "Ding, Liren"]
[Black "Carlsen, Magnus"]
[Site "Saint Louis"]
[Round "13.1"]
[Annotator "TA"]
[Result "1/2-1/2"]
[Date "2019.08.29"]
[WhiteElo "2805"]
[BlackElo "2882"]
[PlyCount "69"]

1. d4 {} Nf6 2. c4 e6 3. g3 d5 4. Bg2 dxc4 5. Qa4+ Nbd7 6. Qxc4 a6 {The position is
equal.} 7. Be3 {E03: Open Catalan: 5 Qa4+ Nbd7 6 Qxc4} Bd6 8. Nh3 (8. Qc2 0-0 9. Nh3 e5 10. 0-0 Ng4 11. Bg5 Qe8 12. dxe5 Ndxe5 13. Nc3 h6 14. Bf4 Nf6 {
1-0 (55) So,W (2780)-Duda,J (2737) chess.com INT 2018} )0-0 9. 0-0 h6 $146 ({Predecessor:} 9... Rb8 10. Rd1 Qe7 11. Qc2 b5 12. Nc3 Nb6 13. Ng5 Nc4 14. Bc1 c5 15. dxc5 Bxc5 {1/2-1/2 (47) Astaneh Lopez,A (2433)-Hague,B (2405) Batumi
2018} )10. Nc3 b5 11. Qb3 Rb8 12. Nf4 Bb7 13. Bxb7 Rxb7 14. Nd3 Qe7 15. Rac1 Rbb8 16. Rfd1 Rfc8 17. a3 c5 18. dxc5 Nxc5 19. Bxc5 Bxc5 20. Nxc5 Rxc5 21. Na2 a5 22. Qe3 Rxc1 23. Nxc1 b4 24. axb4 Qxb4 25. Nd3 Qd6 26. Rc1 Nd5 27. Qd4 Qb6 28. Rc5 Qb3 29. Kg2 Qb7 {[#] ( -> ...Nf4+!)} 30. f3 Qa6 31. Kf2 a4 32. Qc4 Qa7 33. Qd4 {[#] And now Rc8+! would win.} Qa6 34. Qc4 Qa7 35. Qd4 {Accuracy:
White = 75%, Black = 72%.} 1/2-1/2

[Event "7th Sinquefield Cup GCT 2019"]
[White "Ding, Liren"]
[Black "Carlsen, Magnus"]
[Site "Saint Louis"]
[Round "14.1"]
[Annotator "TA"]
[Result "1-0"]
[Date "2019.08.29"]
[WhiteElo "2805"]
[BlackElo "2882"]
[PlyCount "113"]

1. c4 {} Nf6 2. g3 e6 3. Bg2 d5 4. Nf3 dxc4 5. Qa4+ Nbd7 6. Qxc4 a6 7. Qc2 c5 8. Nc3 Qc7 {A13: English Opening: 1...e6} 9. d4 cxd4 (9... b5 $11 )10. Nxd4 $14 Bc5 {White is slightly better.} 11. Nb3 Bd6 12. 0-0 0-0 13. Rd1 $146 ({
Predecessor:} 13. Be3 Ne5 14. Rac1 Neg4 15. Bg5 h6 16. Bxf6 Nxf6 {1/2-1/2 (49)
Sargissian,G (2686)-Wojtaszek,R (2715) Dubai 2014} )Be5 14. Be3 Nd5 15. Bxd5 exd5 16. Rac1 Nf6 17. Nxd5 Nxd5 18. Rxd5 Qxc2 19. Rxc2 Bf6 20. Nc5 Re8 21. Bd4 Be7 22. Re5 f6 23. Re3 $1 Bf5 24. Rd2 Bxc5 25. Rxe8+ Rxe8 26. Bxc5 {
 Endgame KRB-KRB} Rc8 27. b4 a5 28. a3 {} axb4 29. axb4 Rc7 30. f3 Rd7 31. Ra2 h5 32. Kf2 Kf7 33. h4 Be6 34. Ra8 b5 35. e4 Bc4 36. Ke3 (36. g4 $16 )Rd3+ $11 37. Kf4 Rd7 (37... Rb3 $11 )38. Rh8 $16 Kg6 39. g4 $1 hxg4 40. fxg4 {Hoping for h5+.} Kf7 41. h5 ({Better is} 41. e5 $16 )Bb3 $2 {} (41... g5+ $14 42. hxg6+ Kxg6 )42. e5 $2 (42. g5 $1 $18 { is the precise move to win.} Ke6 43. g6 )fxe5+ $2 {} (42... g5+ $16 43. Ke3 fxe5 )43. Kxe5 (43. Kf5 $142 {
} Bc2+ 44. Kxe5 )Rd5+ $18 44. Kf4 Rd1 $2 (44... Bc2 {might work better.} 45. Rf8+ Ke6 46. Re8+ Kf7 47. Re7+ Kf6 )45. Rf8+ Ke6 46. Re8+ Kf7 47. Rf8+ Ke6 48. Kg5 Bc2 (48... Rd5+ {was necessary.} 49. Kf4 Rd7 50. Re8+ Kf7 )49. Re8+ Kf7 50. Re7+ Kg8 51. Rb7 Rd5+ 52. Kh4 Bd3 $2 {} (52... g5+ $16 {keeps fighting.} 53. hxg6 Bxg6 54. Rxb5 Re5 55. Rb8+ Re8 )53. g5 Rd8 (53... Bc4 $142 54. g6 Rd8 )54. g6 Bc4 {[#]} 55. Kg5 (55. Bd6 $142 $1 {
} Be6 (55... Rxd6 56. Rb8+ )56. Re7 Bd5 57. Kg5 Kf8 58. Bc5 Bc4 59. Rd7+ Ke8 60. Rxg7 Rd5+ 61. Kh4 )Rd5+ 56. Kf4 Rd8 57. Bb6 {Played: Bc5-d6} 1-0